[Event "Guernsey Holiday"]
[Site "Guernsey"]
[Date "2009.10.20"]
[Round "3"]
[White "Kirk, Matthew"]
[Black "Ruigrok, Jacques"]
[Result "1/2-1/2"]
[WhiteElo "1541"]
[BlackElo "1794"]
[PlyCount "50"]
[EventDate "2009.10.18"]
[SourceDate "2009.11.17"]

1. d4 Nf6 2. c4 e6 3. Nc3 Bb4 4. a3 Bxc3+ 5. bxc3 d6 6. Nf3 Nbd7 7. Bf4 Qe7 8.
Qc2 e5 9. Bg5 h6 10. Bxf6 Nxf6 11. e3 O-O 12. g3 c6 13. Bg2 Re8 14. O-O e4 15.
Nd2 c5 16. Rfe1 Bf5 17. Qb2 Rab8 18. f3 exf3 19. Bxf3 Be4 20. Nxe4 Nxe4 21. Qc2
Rbc8 22. Rab1 Rc7 23. Bg2 g6 24. Re2 Kg7 25. Rf1 f5 1/2-1/2

[Event "Guernsey Holiday"]
[Site "Guernsey"]
[Date "2009.10.20"]
[Round "3"]
[White "Smith, DWF."]
[Black "Forbes, Garry"]
[Result "1/2-1/2"]
[WhiteElo "1532"]
[BlackElo "1691"]
[PlyCount "49"]
[EventDate "2009.10.18"]
[SourceDate "2009.11.17"]

1. d4 g6 2. c4 Bg7 3. Nc3 d6 4. e4 Nf6 5. Bd3 O-O 6. Be3 e5 7. d5 c6 8. h3 cxd5
9. cxd5 a5 10. Rc1 Na6 11. Nge2 Bd7 12. O-O Rc8 13. Qd2 Nc5 14. Rc2 Nxd3 15.
Qxd3 b5 16. Rfc1 b4 17. Nd1 Rxc2 18. Rxc2 Nxe4 19. Qxe4 Bf5 20. Qc4 Bxc2 21.
Qxc2 f5 22. f3 f4 23. Bf2 Qd7 24. Qc6 Qf5 25. Kf1 1/2-1/2

[Event "Guernsey Holiday"]
[Site "Guernsey"]
[Date "2009.10.20"]
[Round "3"]
[White "Spicer, Jonathan"]
[Black "Collins, Alan"]
[Result "1/2-1/2"]
[WhiteElo "1526"]
[BlackElo "1690"]
[PlyCount "49"]
[EventDate "2009.10.18"]
[SourceDate "2009.11.17"]

1. e4 d5 2. exd5 Qxd5 3. Nc3 Qa5 4. Nf3 Nf6 5. d4 c6 6. Bd2 Qc7 7. h3 Bf5 8.
Bc4 e6 9. O-O Bd6 10. Re1 O-O 11. Bg5 Nbd7 12. Bb3 b5 13. a3 a5 14. Rc1 a4 15.
Ba2 Nd5 16. Ne4 Bf4 17. Bxf4 Qxf4 18. Ng3 Rfc8 19. c3 Bg6 20. Ne2 Qd6 21. Ng3
N5b6 22. Nh4 Qf8 23. Nxg6 hxg6 24. Qg4 Nf6 25. Qf3 1/2-1/2

[Event "Guernsey Holiday"]
[Site "Guernsey"]
[Date "2009.10.20"]
[Round "3"]
[White "Bateman, Kerry"]
[Black "Williams, Peter D"]
[Result "0-1"]
[WhiteElo "1400"]
[BlackElo "1690"]
[PlyCount "38"]
[EventDate "2009.10.18"]
[SourceDate "2009.11.17"]

1. e4 e6 2. d4 d5 3. Nc3 Bb4 4. a3 Bxc3+ 5. bxc3 dxe4 6. Qg4 Nf6 7. Qxg7 Rg8 8.
Qh6 Nbd7 9. Bc4 b6 10. Ne2 Bb7 11. Bb2 Rxg2 12. Ng3 e3 13. Qxe3 Ng4 14. Qf4 Qf6
15. Qxf6 Ndxf6 16. O-O-O Nxf2 17. Rhf1 Nxd1 18. Kxd1 Ng4 19. Re1 O-O-O 0-1

[Event "Guernsey Holiday"]
[Site "Guernsey"]
[Date "2009.10.20"]
[Round "3"]
[White "Van Beek, Ronald"]
[Black "Van Rossum, Pia"]
[Result "0-1"]
[WhiteElo "1374"]
[BlackElo "1661"]
[PlyCount "74"]
[EventDate "2009.10.18"]
[SourceDate "2009.11.17"]

1. d4 Nf6 2. c4 g6 3. Nc3 Bg7 4. e3 d6 5. Bd3 O-O 6. Nf3 Ne8 7. O-O e5 8. dxe5
dxe5 9. e4 b6 10. Be3 Bb7 11. Qc2 Nd7 12. b4 c6 13. Rfd1 Qe7 14. a3 Nc7 15. Qb3
Ne6 16. g3 Nd4 17. Bxd4 exd4 18. Ne2 c5 19. Nd2 Ne5 20. Nf4 Bh6 21. Nd5 Bxd5
22. exd5 Bxd2 23. Be4 Bc3 24. d6 Qd7 25. Bxa8 Bxa1 26. Rxa1 Rxa8 27. Re1 Qxd6
28. f4 Ng4 29. Qf3 Rd8 30. Qxg4 d3 31. b5 d2 32. Rd1 Qd4+ 33. Kg2 Qxc4 34. Qf3
Qd5 35. Kf2 c4 36. Ke2 Qxf3+ 37. Kxf3 c3 0-1

[Event "Guernsey Holiday"]
[Site "Guernsey"]
[Date "2009.10.20"]
[Round "3"]
[White "Nalichowski, Bogdan"]
[Black "Savage, Neil"]
[Result "0-1"]
[WhiteElo "1615"]
[BlackElo "1335"]
[PlyCount "102"]
[EventDate "2009.10.18"]
[SourceDate "2009.11.17"]

1. e4 c5 2. Nc3 Nc6 3. Nf3 d6 4. Bc4 Nf6 5. O-O Bg4 6. h3 Bh5 7. g4 Bg6 8. Re1
e6 9. d4 Be7 10. d5 Na5 11. Bb5+ Nd7 12. Bd2 a6 13. Bd3 b5 14. e5 Bxd3 15. cxd3
O-O 16. a3 dxe5 17. Nxe5 Nxe5 18. Rxe5 Bf6 19. Re2 exd5 20. Qc2 Nc6 21. Ree1
Nd4 22. Qd1 Qd6 23. Kg2 Rfe8 24. Re3 Re6 25. Ne2 Nxe2 26. Rxe2 Bxb2 27. Ra2 Bd4
28. Qf1 Rae8 29. Bg5 Kf8 30. Rac2 c4 31. dxc4 bxc4 32. Ra2 Rxe2 33. Rxe2 Rxe2
34. Qxe2 Qxa3 35. Qc2 Qb2 36. Qf5 Qb7 37. Qxh7 g6 38. Bh6+ Ke7 39. Qg8 Qc6 40.
Qf8+ Ke6 41. Qb4 Bb6 42. Bg5 d4+ 43. f3 Qc5 44. Qd2 d3 45. Qe1+ Qe5 46. Qxe5+
Kxe5 47. Bd2 Bd4 48. Bh6 c3 49. Kf1 c2 50. Ke1 Bc3+ 51. Kf2 Kd5 0-1

[Event "Guernsey Holiday"]
[Site "Guernsey"]
[Date "2009.10.20"]
[Round "3"]
[White "Jongerius, Marc"]
[Black "Haddock, Paul"]
[Result "1-0"]
[WhiteElo "1633"]
[BlackElo "1522"]
[PlyCount "115"]
[EventDate "2009.10.18"]
[SourceDate "2009.11.17"]

1. e4 c5 2. Nf3 d6 3. c3 d5 4. exd5 Qxd5 5. d4 Nc6 6. Be3 cxd4 7. cxd4 a6 8.
Nc3 Qd6 9. Bc4 e6 10. O-O Nf6 11. Re1 Be7 12. d5 exd5 13. Nxd5 Nxd5 14. Bxd5
O-O 15. Bg5 Be6 16. Bxe6 fxe6 17. Qb3 Bxg5 18. Nxg5 Nd4 19. Rad1 Qf4 20. Qg3
Qf6 21. Qh4 h6 22. Qxd4 hxg5 23. Qxf6 Rxf6 24. Rd7 Rc8 25. Red1 Rc2 26. R7d2
Rc7 27. g3 Kf7 28. Rd7+ Rxd7 29. Rxd7+ Ke8 30. Rxg7 b5 31. Rxg5 Ke7 32. h4 Rf8
33. Rg7+ Kf6 34. Ra7 Rd8 35. Rxa6 Rd2 36. b3 Kf5 37. Kg2 e5 38. Kf3 e4+ 39. Ke3
Rc2 40. h5 Rc3+ 41. Ke2 Rc2+ 42. Ke3 Rc3+ 43. Kd2 Rd3+ 44. Ke2 Rc3 45. Rd6 Ke5
46. Rd8 Rc2+ 47. Rd2 Rc6 48. f3 Rc3 49. fxe4 Rxg3 50. Kf2 Rh3 51. Kg2 Rh4 52.
Kg3 Rh1 53. Rd5+ Kxe4 54. Rxb5 Ra1 55. a4 Rc1 56. h6 Rc3+ 57. Kg4 Rc7 58. Kg5
1-0

[Event "Guernsey Holiday"]
[Site "Guernsey"]
[Date "2009.10.20"]
[Round "3"]
[White "Kok, Franciscus"]
[Black "Harnden, Terry"]
[Result "1-0"]
[WhiteElo "1603"]
[BlackElo "1442"]
[PlyCount "164"]
[EventDate "2009.10.18"]
[SourceDate "2009.11.17"]

1. d4 Nf6 2. c4 e6 3. e3 Bb4+ 4. Bd2 Bxd2+ 5. Nxd2 b6 6. Be2 O-O 7. Bf3 d5 8.
Ne2 Bb7 9. O-O Nbd7 10. Ng3 c5 11. Nb3 Rc8 12. dxc5 Nxc5 13. cxd5 Bxd5 14. Nxc5
Rxc5 15. e4 Bc6 16. Qb3 Rg5 17. Rfd1 Qe7 18. Qe3 Ng4 19. Bxg4 Rxg4 20. f3 Rg5
21. Ne2 Re5 22. Rac1 Rc5 23. Rxc5 bxc5 24. Nc3 c4 25. Qd4 Qb4 26. Rd2 a6 27. a3
Qb3 28. Qc5 Bb5 29. Qe7 h6 30. Qc7 Kh7 31. Qc5 Rb8 32. Qc7 Rf8 33. h4 Kg6 34.
Qe7 Re8 35. h5+ Kh7 36. Qxf7 Ba4 37. Nxa4 Qxa4 38. Rd7 Rg8 39. Qxe6 Qa5 40.
Qg6+ Kh8 41. Kf2 Qc5+ 42. Kg3 Qe5+ 43. f4 Qxb2 44. Qxa6 c3 45. Rc7 Qd2 46. Qc4
Qe3+ 47. Kg4 Qf2 48. g3 Qe3 49. e5 Qd2 50. Qxc3 Qd1+ 51. Qf3 Qa4 52. Qd3 Qa8
53. f5 Rd8 54. Qc4 Qxa3 55. Rc8 Qe7 56. Rxd8+ Qxd8 57. Kf3 Qd1+ 58. Qe2 Qd5+
59. Kf2 Qf7 60. g4 Qa7+ 61. Qe3 Qa2+ 62. Kg3 Qd5 63. e6 Qd6+ 64. Kf3 Qe7 65.
Qb3 Kg8 66. Qb8+ Kh7 67. Qa8 Qc5 68. Qb7 Qc3+ 69. Kf4 Qd4+ 70. Qe4 Qd6+ 71. Ke3
Qa3+ 72. Kd4 Qa4+ 73. Ke5 Qe8 74. Kd6 Qd8+ 75. Kc5 Qe7+ 76. Kb6 Qd8+ 77. Kb5
Qe8+ 78. Qc6 Qb8+ 79. Ka6 Qf8 80. Kb7 Qe7+ 81. Qd7 Qb4+ 82. Kc7 Qf4+ 1-0

[Event "Guernsey Holiday"]
[Site "Guernsey"]
[Date "2009.10.20"]
[Round "3"]
[White "Timmerman, Peter"]
[Black "Le Maitre, Richard"]
[Result "1-0"]
[WhiteElo "1562"]
[BlackElo "1219"]
[PlyCount "89"]
[EventDate "2009.10.18"]
[SourceDate "2009.11.17"]

1. e4 g6 2. d4 Bg7 3. Nf3 d6 4. Bc4 e6 5. Bg5 Bf6 6. h4 h6 7. Bxf6 Nxf6 8. Nbd2
Nc6 9. c3 Bd7 10. Qe2 Qe7 11. Nb3 Nh5 12. Qe3 Na5 13. Nxa5 b5 14. Bd3 a6 15. e5
d5 16. Nb3 Bc6 17. g4 Ng7 18. Nc5 h5 19. Qg5 hxg4 20. Qxg4 Nh5 21. O-O-O Qf8
22. Kb1 Qe7 23. Ne1 Rg8 24. Ng2 Qf8 25. Nxe6 Qe7 26. Nef4 Bd7 27. Qg5 Qxg5 28.
hxg5 Bg4 29. Rde1 O-O-O 30. Nxh5 gxh5 31. f4 Rh8 32. Ne3 c6 33. Bf5+ Bxf5+ 34.
Nxf5 Kd7 35. Rh4 Rh7 36. Reh1 Rdh8 37. Kc2 Ke6 38. Ng3 a5 39. Kd2 Ke7 40. Ke3
Kf8 41. Rxh5 Rxh5 42. Rxh5 Rxh5 43. Nxh5 Kg8 44. f5 Kh7 45. Kf4 1-0

[Event "Guernsey Holiday"]
[Site "Guernsey"]
[Date "2009.10.20"]
[Round "3"]
[White "Roberts, Malcolm A"]
[Black "Finch, Russell"]
[Result "1/2-1/2"]
[WhiteElo "1754"]
[BlackElo "1485"]
[PlyCount "138"]
[EventDate "2009.10.18"]
[SourceDate "2009.11.17"]

1. e4 e6 2. d4 d5 3. exd5 exd5 4. Nf3 Bd6 5. Bd3 Ne7 6. Be3 Nbc6 7. c3 Bf5 8.
Qc2 Qd7 9. Nbd2 Bxd3 10. Qxd3 Ng6 11. g3 Nce7 12. h4 h5 13. Ng5 Nf5 14. O-O-O
O-O-O 15. Rde1 Rde8 16. Nf1 f6 17. Nh3 Re7 18. Bd2 Rhe8 19. Ne3 Nxe3 20. Bxe3
Qg4 21. Reg1 Re4 22. Qb5 c6 23. Qb3 Qe6 24. Nf4 Nxf4 25. gxf4 Re7 26. Qd1 Qf5
27. Re1 Bxf4 28. Rhf1 Bxe3+ 29. fxe3 Qg4 30. Qxg4+ Rxg4 31. Kd2 Rxh4 32. Rg1
Kd7 33. Rg3 g5 34. Re2 Re6 35. Rf2 Ke7 36. b4 Rh1 37. Kd3 g4 38. Rf5 Kf7 39.
Rg2 Rh3 40. Re2 Kg6 41. Rff2 Re4 42. c4 Re7 43. cxd5 cxd5 44. a4 h4 45. a5 f5
46. b5 Re4 47. a6 b6 48. Kd2 Kg5 49. Rf1 Re7 50. Rc1 Kf6 51. Rc6+ Kg5 52. Rd6
Rc7 53. Rxd5 Kf6 54. Rd6+ Ke7 55. Rg6 Rh1 56. Rg7+ Kd6 57. Rg6+ Kd5 58. Rf2 Rf7
59. Kd3 Rb1 60. Rg5 Ke6 61. Rg6+ Ke7 62. Rc2 Kd8 63. Rgc6 Rd7 64. Rc8+ Ke7 65.
Rh8 Rxb5 66. Rh7+ Kd6 67. Rh6+ Ke7 68. Rh7+ Kd6 69. Rh6+ Ke7 1/2-1/2

[Event "Guernsey Holiday"]
[Site "Guernsey"]
[Date "2009.10.20"]
[Round "3"]
[White "Carrick, Peter"]
[Black "Cox, Reginald E"]
[Result "1/2-1/2"]
[WhiteElo "1522"]
[BlackElo "1402"]
[PlyCount "109"]
[EventDate "2009.10.18"]
[SourceDate "2009.11.17"]

1. d4 Nf6 2. Nf3 d5 3. Bg5 e6 4. Nbd2 Be7 5. e3 h6 6. Bxf6 Bxf6 7. Bd3 O-O 8.
O-O Nc6 9. Bb5 Bd7 10. Bxc6 Bxc6 11. Ne5 Bxe5 12. dxe5 Qe7 13. Nf3 a5 14. Nd4
Bd7 15. f4 c5 16. Nf3 f5 17. c3 c4 18. Qd2 b5 19. a3 a4 20. Kf2 Kh7 21. Rh1 Rg8
22. Rag1 g6 23. h4 h5 24. Rh3 Rg7 25. Rg3 Kh8 26. Rh3 Rag8 27. Qd4 Rc8 28. Ng5
Qc5 29. Qxc5 Rxc5 30. g3 Rc8 31. Nf3 Rcg8 32. Rgh1 Rh7 33. Ng5 Rhg7 34. Rd1 Rf8
35. Rhh1 Re8 36. Rd4 Rc8 37. Rhd1 Rc5 38. Nf3 Bc8 39. Ng5 Bd7 40. e4 fxe4 41.
Nxe4 Rc7 42. Nf6 Rf7 43. Ke3 Kg7 44. Nxd7 Rcxd7 {(=)} 45. Rg1 Kh7 46. g4 Rg7
47. g5 Rdf7 48. Rf1 Rf5 49. Rd2 Rgf7 50. Rdf2 Kg7 51. Kd4 Rc7 52. Rd1 Kf7 53.
Ke3 Kg7 54. Rfd2 Rcf7 55. Rf2 1/2-1/2

[Event "Guernsey Holiday"]
[Site "Guernsey"]
[Date "2009.10.20"]
[Round "3"]
[White "Brown, Jim"]
[Black "Kaye, Michael J"]
[Result "0-1"]
[WhiteElo "1378"]
[BlackElo "1522"]
[PlyCount "118"]
[EventDate "2009.10.18"]
[SourceDate "2009.11.17"]

1. Nf3 Nf6 2. d4 g6 3. b3 Bg7 4. Bb2 d6 5. e3 O-O 6. Be2 e6 7. Nbd2 Nc6 8. a3
Ne7 9. O-O Nd7 10. Rb1 f5 11. g3 Nf6 12. Ng5 h6 13. Nh3 Bd7 14. Bf3 d5 15. Nf4
g5 16. Ng2 Qe8 17. Be2 h5 18. h4 Bh6 19. a4 Kh7 20. f4 gxh4 21. Nxh4 Rg8 22.
Kh2 Qf7 23. Rg1 Rg7 24. Qe1 Rag8 25. Qf2 a6 26. Ra1 Rg4 27. Rg2 Bf8 28. Qe1
R4g7 29. Qf2 Ng6 30. Rag1 Be7 31. Bc3 b5 32. Qe1 bxa4 33. bxa4 Bxa4 34. Qd1 Nf8
35. Qa1 Bb5 36. Bf3 N8d7 37. Qd1 Ng4+ 38. Bxg4 Rxg4 39. Ndf3 Kh6 40. Be1 Bf6
41. Kh1 Qg7 42. Qd2 Qe7 43. c3 Nb6 44. Qc1 Nc4 45. Bf2 Nd6 46. Nd2 Bd3 47. Ndf3
Be2 48. Nh2 R4g7 49. Qd2 Bc4 50. N2f3 Ne4 51. Qc2 Nxf2+ 52. Qxf2 Bd3 53. Kh2
Be4 54. Qf1 Rg4 55. Kh3 Bxh4 56. Qf2 Bxf3 57. Qxf3 Bxg3 58. Rxg3 Qh4+ 59. Kg2
Rxg3+ 0-1

[Event "Guernsey Holiday"]
[Site "Guernsey"]
[Date "2009.10.20"]
[Round "3"]
[White "Bennett, David"]
[Black "Herschmann, Heinz"]
[Result "1/2-1/2"]
[WhiteElo "1410"]
[BlackElo "1562"]
[PlyCount "47"]
[EventDate "2009.10.18"]
[SourceDate "2009.11.17"]

1. Nf3 e6 2. d4 d5 3. Bf4 Bd6 4. Bg5 Be7 5. Bd2 Nf6 6. Nc3 Nc6 7. e3 a6 8. Be2
h6 9. O-O O-O 10. a3 Bd7 11. Bd3 Nh7 12. e4 dxe4 13. Nxe4 f5 14. Ng3 Ng5 15.
Bxg5 Bxg5 16. Bc4 b5 17. Bb3 Kh7 18. c3 g6 19. Re1 Qf6 20. Ne5 Nxe5 21. dxe5
Qe7 22. Qf3 Qc5 23. Qd3 Rad8 24. Qc2 1/2-1/2

[Event "Guernsey Holiday"]
[Site "Guernsey"]
[Date "2009.10.21"]
[Round "4"]
[White "Gibson, John"]
[Black "Oxener, Aldo"]
[Result "1-0"]
[WhiteElo "1750"]
[BlackElo "1566"]
[PlyCount "44"]
[EventDate "2009.10.18"]
[SourceDate "2009.11.17"]

1. d4 Nf6 2. Nf3 g6 3. Nc3 Bg7 4. Bf4 d6 5. e4 O-O 6. Bd3 Nbd7 7. Qd2 Ne8 8.
Bh6 e5 9. Bxg7 Kxg7 10. h4 Nef6 11. dxe5 dxe5 12. O-O-O c6 13. h5 Rh8 14. h6+
Kf8 15. Bc4 Ke8 16. Nxe5 Rf8 17. g4 Qe7 18. Nxd7 Bxd7 19. g5 Ng4 20. f4 Rd8 21.
e5 Qc5 22. Ne4 b5 1-0

[Event "Guernsey Holiday"]
[Site "Guernsey"]
[Date "2009.10.21"]
[Round "4"]
[White "Foster, Paul"]
[Black "Hoogakker, Peter"]
[Result "0-1"]
[WhiteElo "1738"]
[BlackElo "1773"]
[PlyCount "42"]
[EventDate "2009.10.18"]
[SourceDate "2009.11.17"]

1. e4 e5 2. Nf3 Nc6 3. Bc4 Nf6 4. Ng5 d5 5. exd5 b5 6. dxc6 bxc4 7. Nc3 Bg4 8.
f3 Bf5 9. Qe2 Qd4 10. Nb5 Qh4+ 11. g3 Qxg5 12. Qxe5+ Be7 13. Nxc7+ Kd8 14. d4
Qg6 15. Nxa8 Bb4+ 16. c3 Re8 17. Qxe8+ Nxe8 18. c7+ Kc8 19. d5 Bc5 20. Bf4 Bb1
21. Kf1 Qc2 0-1

[Event "Guernsey Holiday"]
[Site "Guernsey"]
[Date "2009.10.21"]
[Round "4"]
[White "Noordijk, Evert"]
[Black "Van Hoek, Wim"]
[Result "1-0"]
[WhiteElo "1767"]
[BlackElo "1743"]
[PlyCount "39"]
[EventDate "2009.10.18"]
[SourceDate "2009.11.17"]

1. Nf3 e6 2. d3 d5 3. Nbd2 f5 4. e4 g6 5. Be2 Bg7 6. c3 Nh6 7. Qc2 c6 8. Nb3
Nf7 9. h4 h6 10. exf5 exf5 11. Bf4 Nd7 12. O-O-O Qf6 13. Rde1 O-O 14. d4 g5 15.
hxg5 hxg5 16. Bd2 Bh6 17. Bd3 Nd6 18. Rxh6 Qxh6 19. Nxg5 Ne4 20. Nxe4 1-0

[Event "Guernsey Holiday"]
[Site "Guernsey"]
[Date "2009.10.21"]
[Round "4"]
[White "Baart, Edwin"]
[Black "Kershaw, Graham J"]
[Result "1/2-1/2"]
[WhiteElo "1704"]
[BlackElo "1826"]
[PlyCount "81"]
[EventDate "2009.10.18"]
[SourceDate "2009.11.17"]

1. d4 Nf6 2. Nf3 e6 3. c4 d5 4. Nc3 c5 5. e3 Nc6 6. Be2 Bd7 7. O-O dxc4 8. Bxc4
Be7 9. b3 Rc8 10. dxc5 Bxc5 11. Bb2 a6 12. Rc1 O-O 13. Qe2 Re8 14. Bd3 e5 15.
Ng5 Ba7 16. Bc4 Rf8 17. Rcd1 b5 18. Bd3 Qe7 19. Nge4 Rcd8 20. Nxf6+ Qxf6 21.
Be4 Qg5 22. Rxd7 Rxd7 23. Bxc6 Rc7 24. Bd5 Rfc8 25. Ne4 Qd8 26. Qg4 Qe7 27. Ng5
Rc2 28. Bxf7+ Kf8 29. Bd5 Ke8 30. Bf7+ Kd8 31. Ne6+ Kd7 32. Rd1+ Kc6 33. Bxe5
Qxf7 34. Qe4+ Kb6 35. Nf4 g5 36. b4 gxf4 37. Bd4+ Kc7 38. Be5+ Kb6 39. Bd4+ Kc7
40. Be5+ Kb6 41. Bd4+ 1/2-1/2

[Event "Guernsey Holiday"]
[Site "Guernsey"]
[Date "2009.10.21"]
[Round "4"]
[White "Norman, Dinah M"]
[Black "O'Connor, Jonathan"]
[Result "1/2-1/2"]
[WhiteElo "1834"]
[BlackElo "1675"]
[PlyCount "42"]
[EventDate "2009.10.18"]
[SourceDate "2009.11.17"]

1. Nf3 Nf6 2. d4 d5 3. e3 Bg4 4. c4 c6 5. Qb3 Nbd7 6. Nc3 b6 7. cxd5 c5 8. dxc5
Nxc5 9. Bb5+ Bd7 10. Bxd7+ Qxd7 11. Qb5 Rc8 12. Qxd7+ Nfxd7 13. Ke2 g6 14. Bd2
Bg7 15. Rac1 O-O 16. Rhd1 Nf6 17. Be1 Rfd8 18. h3 Nfe4 19. b4 Bxc3 20. bxc5
Bxe1 21. Kxe1 Nxc5 1/2-1/2

[Event "Guernsey Holiday"]
[Site "Guernsey"]
[Date "2009.10.21"]
[Round "4"]
[White "Van Rossum, Pia"]
[Black "Glover, John"]
[Result "0-1"]
[WhiteElo "1661"]
[BlackElo "1802"]
[PlyCount "96"]
[EventDate "2009.10.18"]
[SourceDate "2009.11.17"]

1. Nf3 Nf6 2. d4 c5 3. c3 e6 4. Bg5 d5 5. e3 Nbd7 6. Bd3 Be7 7. Nbd2 O-O 8. Rc1
Re8 9. O-O b6 10. Bb1 Bb7 11. Bxf6 Nxf6 12. Ne5 Bf8 13. Ndf3 Ne4 14. Nxf7 Kxf7
15. Ne5+ Kg8 16. Qh5 Qe7 17. f3 g6 18. Nxg6 hxg6 19. Qxg6+ Qg7 20. Qxg7+ Bxg7
21. fxe4 dxe4 22. Rf4 cxd4 23. cxd4 Rac8 24. Rxc8 Rxc8 25. Bxe4 Rc1+ 26. Kf2
Bxe4 27. Rxe4 Kf7 28. Kg3 Bh6 29. h4 Rc2 30. b4 Rxa2 31. b5 a5 32. bxa6 Rxa6
33. Kf3 Ra1 34. g4 b5 35. g5 Bf8 36. Rf4+ Kg7 37. Ke4 b4 38. Rf2 Rh1 39. Ke5
Rxh4 40. Kxe6 Re4+ 41. Kd5 Rxe3 42. Kc6 Rc3+ 43. Kd5 b3 44. g6 Ba3 45. Rf7+
Kxg6 46. Rb7 b2 47. Ke6 Re3+ 48. Kd7 Re1 0-1

[Event "Guernsey Holiday"]
[Site "Guernsey"]
[Date "2009.10.21"]
[Round "4"]
[White "Veelenturf, Wim"]
[Black "Jongerius, Marc"]
[Result "1-0"]
[WhiteElo "1756"]
[BlackElo "1633"]
[PlyCount "63"]
[EventDate "2009.10.18"]
[SourceDate "2009.11.17"]

1. d4 d5 2. c4 e6 3. Nf3 Nf6 4. Bg5 Nbd7 5. Nc3 c6 6. e3 Qa5 7. Nd2 Bb4 8. Qc2
Ne4 9. Ndxe4 dxe4 10. Bf4 O-O 11. Be2 e5 12. Bg3 exd4 13. exd4 b6 14. O-O Bxc3
15. bxc3 Qf5 16. f3 Nf6 17. Be5 exf3 18. Bd3 Qh5 19. Rxf3 Qh4 20. Bxf6 gxf6 21.
g3 Qh6 22. Qf2 f5 23. Bxf5 Be6 24. Rf4 Bxf5 25. Rxf5 f6 26. Rf1 Kg7 27. Qf3
Rae8 28. Rf4 Re7 29. Qxc6 Re2 30. Qd7+ Rf7 31. Qg4+ Qg5 32. Qxe2 1-0

[Event "Guernsey Holiday"]
[Site "Guernsey"]
[Date "2009.10.21"]
[Round "4"]
[White "Savage, Neil"]
[Black "Wallace, Mitchel"]
[Result "0-1"]
[WhiteElo "1335"]
[BlackElo "1690"]
[PlyCount "88"]
[EventDate "2009.10.18"]
[SourceDate "2009.11.17"]

1. e4 d6 2. d4 Nf6 3. Nc3 Nbd7 4. f4 e5 5. Nf3 c6 6. d5 Qc7 7. Bc4 Be7 8. O-O
O-O 9. f5 Nb6 10. Bb3 cxd5 11. exd5 Bxf5 12. Nxe5 Be4 13. Nxe4 Nxe4 14. Ng4 f5
15. Nf2 Nc5 16. c4 a5 17. a4 Nxb3 18. Qxb3 Nxc4 19. Bf4 Rac8 20. Rac1 Qb6 21.
Rc3 g5 22. Be3 Qxb3 23. Rxb3 Nxe3 24. Rxe3 Bf6 25. Rb3 Rf7 26. Nd1 Rc4 27. Ne3
Bd4 28. Kh1 Bxe3 29. Rxe3 Rxa4 30. Re6 Rd7 31. g3 f4 32. gxf4 gxf4 33. Rf6 Rd4
34. Rg1+ Rg7 35. Rxd6 Rxg1+ 36. Kxg1 Rd1+ 37. Kg2 Rd2+ 38. Kf3 Rxb2 39. Rd8+
Kf7 40. Rd7+ Kf6 41. Kxf4 a4 42. Rxh7 a3 43. d6 a2 44. d7 Rd2 0-1

[Event "Guernsey Holiday"]
[Site "Guernsey"]
[Date "2009.10.21"]
[Round "4"]
[White "Williams, Peter D"]
[Black "Timmerman, Peter"]
[Result "1-0"]
[WhiteElo "1690"]
[BlackElo "1562"]
[PlyCount "67"]
[EventDate "2009.10.18"]
[SourceDate "2009.11.17"]

1. e4 e5 2. Nf3 Nc6 3. d4 exd4 4. Nxd4 Nxd4 5. Qxd4 d6 6. Bc4 Be6 7. Nc3 Bxc4
8. Qxc4 Nf6 9. Qb5+ c6 10. Qxb7 Qc8 11. Qxc8+ Rxc8 12. Be3 c5 13. f3 Be7 14.
Rd1 a6 15. O-O O-O 16. Rd2 Rfd8 17. Rfd1 Kf8 18. Bf4 Ne8 19. Nd5 f6 20. Nb6 Rc6
21. Nc4 h5 22. h4 Rb8 23. b3 g5 24. hxg5 fxg5 25. Bxd6 Nxd6 26. Nxd6 Bf6 27.
Nf5 c4 28. Rd6 Rxd6 29. Rxd6 Be5 30. Rxa6 cxb3 31. axb3 Rd8 32. Ra5 Bc7 33. Rd5
Rb8 34. Kf2 1-0

[Event "Guernsey Holiday"]
[Site "Guernsey"]
[Date "2009.10.21"]
[Round "4"]
[White "Spierings, John"]
[Black "Kirk, Matthew"]
[Result "1-0"]
[WhiteElo "1822"]
[BlackElo "1541"]
[PlyCount "71"]
[EventDate "2009.10.18"]
[SourceDate "2009.11.17"]

1. e4 c6 2. d4 d5 3. f3 e6 4. Be3 Nd7 5. Nc3 Bb4 6. Bd3 Ne7 7. Nge2 O-O 8. O-O
c5 9. dxc5 Bxc5 10. Bf2 b6 11. Qd2 Bb7 12. Rad1 Ne5 13. exd5 Nxd3 14. Qxd3
Bxf2+ 15. Rxf2 Nxd5 16. Nxd5 Qxd5 17. Nc3 Qxd3 18. Rxd3 Rfd8 19. Rfd2 Rxd3 20.
Rxd3 Kf8 21. Kf2 Ke7 22. Ke3 Rd8 23. Rxd8 Kxd8 24. Nb5 Ba6 25. Nxa7 Kc7 26. a4
Kb7 27. Nb5 Bxb5 28. axb5 Kc7 29. Kd4 Kd6 30. f4 f6 31. b4 g5 32. fxg5 f5 33.
c4 e5+ 34. Ke3 Kc7 35. h4 Kd6 36. h5 1-0

[Event "Guernsey Holiday"]
[Site "Guernsey"]
[Date "2009.10.21"]
[Round "4"]
[White "Ruigrok, Jacques"]
[Black "Spicer, Jonathan"]
[Result "1/2-1/2"]
[WhiteElo "1794"]
[BlackElo "1526"]
[PlyCount "55"]
[EventDate "2009.10.18"]
[SourceDate "2009.11.17"]

1. e4 e5 2. Nf3 Nc6 3. Bc4 Bc5 4. c3 Nf6 5. d3 d6 6. O-O Bg4 7. Nbd2 O-O 8. h3
Bh5 9. Nb3 Nd7 10. Nxc5 Nxc5 11. b4 Nd7 12. g4 Bg6 13. Bb3 a6 14. a3 Kh8 15.
Kh2 f6 16. Nh4 Bf7 17. Bxf7 Rxf7 18. d4 Nb6 19. d5 Ne7 20. Qe2 c6 21. dxc6 Nxc6
22. Be3 Rc8 23. Rfd1 Rd7 24. Nf5 Ne7 25. Bxb6 Qxb6 26. Rd3 Nxf5 27. gxf5 Rcd8
28. Rd5 1/2-1/2

[Event "Guernsey Holiday"]
[Site "Guernsey"]
[Date "2009.10.21"]
[Round "4"]
[White "Forbes, Garry"]
[Black "Haisma, Henk"]
[Result "0-1"]
[WhiteElo "1691"]
[BlackElo "1639"]
[PlyCount "134"]
[EventDate "2009.10.18"]
[SourceDate "2009.11.17"]

1. d4 d5 2. Nf3 Nf6 3. e3 Bf5 4. c4 c6 5. Qb3 Qb6 6. c5 Qxb3 7. axb3 g6 8. Nc3
Bg7 9. b4 O-O 10. b5 Bc8 11. Bd3 Nfd7 12. b4 e5 13. dxe5 Nxe5 14. Nxe5 Bxe5 15.
Bb2 cxb5 16. Bxb5 Nc6 17. Bxc6 bxc6 18. Na4 Bxb2 19. Nxb2 Bf5 20. Kd2 Rfb8 21.
Kc3 Rb5 22. Ra4 Rab8 23. Rha1 a5 24. Rxa5 Rxb4 25. Na4 Rc4+ 26. Kd2 Rb5 27.
Rxb5 cxb5 28. Nb6 Rxc5 29. Ra5 Kg7 30. h4 h5 31. Ra3 Rc6 32. Na8 Rc2+ 33. Ke1
Rb2 34. Nc7 b4 35. Ra5 b3 36. Nxd5 Ra2 37. Rb5 b2 38. Nc3 Ra1+ 39. Kd2 b1=Q 40.
Nxb1 Rxb1 41. Ra5 Rb2+ 42. Ke1 Rb1+ 43. Kd2 Rf1 44. Ke2 Rg1 45. Kf3 Bg4+ 46.
Kg3 Be6 47. Kh2 Rc1 48. Kg3 Rc4 49. f4 Rc2 50. e4 Rc3+ 51. Kf2 Kf6 52. Ra7 Rc2+
53. Kg3 Rd2 54. Ra4 Ke7 55. Ra5 f5 56. exf5 gxf5 57. Ra7+ Bd7 58. Ra6 Rd6 59.
Ra8 Rd2 60. Rh8 Be8 61. Rg8 Bc6 62. Kh3 Rf2 63. Rg5 Bxg2+ 64. Rxg2 Rxg2 65.
Kxg2 Kd6 66. Kf3 Kd5 67. Ke3 Kc4 0-1

[Event "Guernsey Holiday"]
[Site "Guernsey"]
[Date "2009.10.21"]
[Round "4"]
[White "Collins, Alan"]
[Black "Smith, DWF."]
[Result "0-1"]
[WhiteElo "1690"]
[BlackElo "1532"]
[PlyCount "54"]
[EventDate "2009.10.18"]
[SourceDate "2009.11.17"]

1. d4 Nf6 2. Nf3 d5 3. Nc3 e6 4. Bg5 Be7 5. e3 Nbd7 6. Bd3 c5 7. dxc5 Nxc5 8.
Bb5+ Bd7 9. Bxd7+ Ncxd7 10. O-O O-O 11. Qd4 h6 12. Bh4 Qb6 13. Qxb6 Nxb6 14.
Rfd1 Rac8 15. Ne1 Nc4 16. a3 Nxb2 17. Rdb1 Rxc3 18. Rxb2 b6 19. Rb3 Rfc8 20.
Kf1 R3c4 21. Bg3 Ne4 22. Ke2 Bf6 23. Rc1 Bc3 24. Nd3 Bd2 25. Rd1 Rxc2 26. Kf1
Ba5 27. Be5 Nd2+ 0-1

[Event "Guernsey Holiday"]
[Site "Guernsey"]
[Date "2009.10.21"]
[Round "4"]
[White "Welch, Hazel"]
[Black "Beadle, John"]
[Result "0-1"]
[WhiteElo "1594"]
[BlackElo "1650"]
[PlyCount "78"]
[EventDate "2009.10.18"]
[SourceDate "2009.11.17"]

1. d4 d5 2. Nf3 Nf6 3. c4 dxc4 4. Nc3 a6 5. a4 e6 6. g3 b6 7. Bg2 Bb7 8. O-O
Nbd7 9. Bg5 h6 10. Bxf6 Nxf6 11. e3 Bb4 12. Rc1 O-O 13. Na2 Bd6 14. Nc3 c5 15.
Nd2 Bxg2 16. Kxg2 cxd4 17. Nxc4 Bc5 18. exd4 Qxd4 19. Qe2 Qd7 20. Ne5 Qb7+ 21.
Kg1 Rfd8 22. Nd3 Rac8 23. b4 Bd4 24. Na2 Nd5 25. Qe4 Bf6 26. Rfd1 Qb8 27. b5
axb5 28. axb5 Be7 29. Rc6 Qa8 30. Qc4 Rxc6 31. bxc6 Rc8 32. Nab4 Bxb4 33. Nxb4
Nxb4 34. Qxb4 Qxc6 35. Rd6 Qf3 36. Qb2 b5 37. Rb6 Rd8 38. Rb8 Rxb8 39. Qe5 Rd8
0-1